[Event "7th Gashimov Memorial-Blitz 2021"]
[Site "Baku"]
[Date "2021.12.23"]
[Round "8"]
[White "Mamedov, Rauf"]
[Black "Anand, Viswanathan"]
[Result "1/2-1/2"]
[WhiteElo "2656"]
[BlackElo "2751"]
[Annotator "TA"]
[PlyCount "60"]
[EventDate "2021.12.17"]
[EventType "tourn"]
[EventCountry "AZE"]
[SourceTitle "playchess.com"]
[Source "ChessBase"]
[SourceQuality "1"]

{[%evp 10,60,19,14,14,6,3,0,8,11,27,15,24,13,19,31,13,27,96,28,22,20,25,24,24,
25,47,19,47,61,74,0,0,0,0,0,0,0,0,0,0,-4,0,0,0,0,0,0,0,0,0,0,0]} 1. e4 e5 2.
Nf3 Nc6 3. Bc4 Bc5 4. c3 Nf6 5. d3 d6 6. Nbd2 a5 $1 {[%mdl 4] 6...a5 is
setting a new trend. C54: Giuoco Piano: 4 c3 Nf6, main lines with 5 d4 and 5
d3.} 7. Nf1 h6 8. Ng3 O-O 9. O-O Be6 10. Bb5 Ba7 11. Re1 Ne7 12. d4 Ng6 13. h3
{[#]} c5 $146 {[#]} (13... exd4 $11 14. cxd4 d5) ({Predecessor:} 13... c6 14.
Bd3 a4 15. Be3 Re8 16. Qc2 b5 17. b4 axb3 18. axb3 Qc7 19. Ra6 Qb7 {1-0 (93)
So,W (2770)-Carlsen,M (2862) chess24.com INT 2020}) 14. dxe5 ({White should
play} 14. d5 $1 $16 {[%cal Rd5e6]} Bd7 15. Qa4) 14... dxe5 $11 15. Be3 c4 16.
Bxa7 Rxa7 17. Qxd8 Rxd8 18. Red1 (18. Rad1 $5 {[%cal Rd1d8]} Raa8 19. Rd2 $11)
18... Rxd1+ 19. Rxd1 a4 $1 {[#] Hoping for ...Ra5.} 20. Rd8+ (20. Nd2 $1 $16)
20... Kh7 {And now ...Ra5 would win. The position is equal.} 21. Nd2 $1 a3 22.
bxa3 Rxa3 23. Bxc4 Rxc3 24. Bxe6 fxe6 25. Rb8 Rc2 {[%csl LRa2,LRd2]} 26. Nf3
Rxa2 27. Rxb7 Ra1+ 28. Kh2 Ra2 29. Kg1 Ra1+ 30. Kh2 Ra2 {Weighted Error Value:
White=0.12 (very precise) /Black=0.09 (flawless)} 1/2-1/2

[Event "7th Gashimov Memorial-Blitz 2021"]
[Site "Baku"]
[Date "2021.12.23"]
[Round "8"]
[White "Asadli, Vugar"]
[Black "Caruana, Fabiano"]
[Result "0-1"]
[WhiteElo "2579"]
[BlackElo "2792"]
[Annotator "TA"]
[PlyCount "62"]
[EventDate "2021.12.17"]
[EventType "tourn"]
[EventCountry "AZE"]
[SourceTitle "playchess.com"]
[Source "ChessBase"]
[SourceQuality "1"]

{[%evp 11,62,-7,-1,5,30,25,37,26,26,25,23,16,9,0,43,34,47,47,56,0,0,0,6,14,0,
12,0,-33,-33,-87,-98,-88,-78,-72,-59,-245,-256,-300,-300,-289,-284,-621,-604,
-511,-508,-29954,-6302,-29985,-29986,-29990,-29983,-29990,-808]} 1. e4 c5 2.
Nf3 d6 3. d4 cxd4 4. Nxd4 Nf6 5. Nc3 a6 6. Rg1 e5 7. Nb3 {B90: Sicilian
Najdorf: Unusual White 6th moves, 6 Be3 Ng4 and 6 Be3 e5.} h5 {Inhibits g4.} 8.
Bg5 Be6 9. Qd2 {White is slightly better.} Nbd7 10. Bd3 Be7 11. O-O-O b5 12. f4
Qc7 (12... O-O $11 {was preferrable.}) 13. Kb1 $1 $14 Rb8 14. h3 h4 15. Qe1 (
15. Rge1 $14) 15... b4 $11 16. Nd5 Nxd5 17. exd5 Bxd5 18. Bxe7 Kxe7 {[#]} 19.
Qd2 $146 ({Predecessor:} 19. g3 g6 20. gxh4 Be6 21. Rg5 a5 22. f5 gxf5 23. Bxf5
Rh6 24. Bxe6 Rxe6 25. Rf5 {0-1 (75) Giri,A (2777)-Duda,J (2756) chess24.com
INT 2021}) 19... Nf6 20. Rge1 (20. fxe5 $15 dxe5 21. Qe3) 20... Kf8 {Black is
more active.} 21. fxe5 dxe5 {[%cal Bd6e5,Be5e4][%mdl 32]} 22. Bxa6 Rh6 {
[%cal Bh8h6,Bh6g6,Bg6g2][%mdl 32]} 23. Rf1 $2 {[#] This move loses the game
for White.} (23. Bf1 $15) 23... Rg6 $1 $19 24. Bd3 Rxg2 25. Rf2 Rg3 26. Rdf1 $2
(26. Rf5) 26... e4 27. Rxf6 {[%cal Od3e4] Strongly threatening Bxe4!} exd3 28.
Nd4 (28. R6f4 $19 Qxc2+ 29. Qxc2 dxc2+ 30. Kxc2 Rxh3 31. Rd4) 28... gxf6 29.
Qh6+ Kg8 {Black mates.} 30. cxd3 Rg6 31. Qxh4 Qg3 {Weighted Error Value:
White=0.78/Black=0.05 (flawless)} (31... Rg2 $142 32. Qe1 {[#]} Bxa2+ $1 {
[%mdl 512]} 33. Kxa2 b3+ 34. Nxb3 Qc2 35. Rf2 Rxf2 36. Qg1+ Kh8 37. Qxf2 Ra8+
38. Qa7 Rxa7+ 39. Na5 Rxa5#) 0-1

[Event "7th Gashimov Memorial-Blitz 2021"]
[Site "Baku"]
[Date "2021.12.23"]
[Round "9"]
[White "Caruana, Fabiano"]
[Black "Mamedov, Rauf"]
[Result "1/2-1/2"]
[WhiteElo "2792"]
[BlackElo "2656"]
[Annotator "TA"]
[PlyCount "79"]
[EventDate "2021.12.17"]
[EventType "tourn"]
[EventCountry "AZE"]
[SourceTitle "playchess.com"]
[Source "ChessBase"]
[SourceQuality "1"]

{[%evp 17,79,45,34,18,40,43,43,47,40,43,49,44,40,44,64,61,56,53,92,12,9,8,49,
45,51,48,43,43,53,40,63,41,33,38,67,51,48,52,68,66,72,66,58,43,54,38,29,31,33,
26,81,91,78,0,0,0,0,0,0,0,0,0,0,0]} 1. d4 d5 2. c4 e6 3. Nc3 c5 4. e3 Nf6 5.
Nf3 a6 6. cxd5 exd5 7. Bd3 Nc6 8. O-O Be7 9. dxc5 Bxc5 10. b3 {D32: Tarrasch
Defence: Sidelines and lines without g3.} O-O 11. h3 Bd6 12. Bb2 {White is
slightly better.} Re8 13. Ne2 Ne4 14. Rc1 Bf5 15. Bb1 {[#]} Rc8 $146 ({
Predecessor:} 15... Qd7 16. Nf4 Bxf4 17. exf4 Rad8 18. Nh4 Nd6 19. Nxf5 Nxf5
20. Qg4 Nce7 21. Rfe1 d4 {½-½ (29) Koneru,H (2589)-Hou,Y (2623) Kazan 2012})
16. Nf4 ({Wrong is} 16. Qxd5 $2 {[#]} Bh2+ $1 {[%mdl 512]} 17. Kxh2 Qxd5 $19)
16... Bxf4 17. exf4 Qd6 18. Ne5 (18. g4 $16) 18... f6 $11 19. Nf3 Rcd8 (19...
Bg6 $11) 20. Nd4 $1 $14 Bg6 (20... Qxf4 $2 21. Nxf5 Qxf5 22. f3 $18) 21. Qg4
Nxd4 22. Bxd4 Bf7 {[%cal Bg6f7,Bf7e6,Be6f5][%mdl 32]} 23. Rcd1 Be6 24. Qf3 (24.
Qh4 $5 {[%cal Rf2f3]}) 24... Bf5 25. Bb2 Qb4 26. Rfe1 Bg6 27. Re3 Qb5 28. Qg4 {
Threatens to win with f5.} Qc6 {[%cal Oe4f2]} 29. f5 Bf7 30. Rde1 h5 31. Qd1
Nd6 {[%cal Be4d6,Bd6f5,Bf5h4][%mdl 32]} 32. Bd3 Rxe3 33. Rxe3 d4 (33... Qc5 $11
{keeps the balance.}) 34. Bxd4 $16 Qd5 {[%csl LRd4,LRf5]} 35. Bb2 {This bishop
pair is nice.} (35. Bb6 $16 Rc8 36. Re1) 35... Nxf5 $11 {The position is equal.
} 36. Rf3 Nh4 $36 {[%mdl 2048] White is under pressure.} 37. Rg3 {[#] Strongly
threatening Bxf6.} Nf5 $1 38. Rf3 (38. Bxf6 Rd6 39. Qc2 Rxf6 $17) 38... Nh4 39.
Rg3 {Hoping for Bxf6.} Nf5 $1 40. Rf3 {Weighted Error Value: White=0.11 (very
precise) /Black=0.08 (flawless)} (40. Bxf6 Rd6 41. Qc2 Rxf6 $17) 1/2-1/2

[Event "7th Gashimov Memorial-Blitz 2021"]
[Site "Baku"]
[Date "2021.12.23"]
[Round "9"]
[White "Anand, Viswanathan"]
[Black "Rapport, Richard"]
[Result "1/2-1/2"]
[WhiteElo "2751"]
[BlackElo "2763"]
[Annotator "TA"]
[PlyCount "101"]
[EventDate "2021.12.17"]
[EventType "tourn"]
[EventCountry "AZE"]
[SourceTitle "playchess.com"]
[Source "ChessBase"]
[SourceQuality "1"]

{[%evp 17,101,30,40,25,35,20,55,56,49,14,72,40,74,66,72,27,32,31,58,20,11,16,
30,29,39,45,37,35,47,31,50,41,56,20,25,28,39,33,54,56,58,52,56,48,48,48,48,21,
19,19,19,25,19,24,27,0,0,0,0,0,0,0,0,0,0,0,0,0,0,0,0,0,0,0,0,0,0,0,0,0,0,0,0,0,
0,0]} 1. e4 e6 2. d4 d5 3. Nc3 {[%cal Bb1c3,Bc3e4,Be4d2,Bd2c4,Bc4e5][%mdl 32]}
dxe4 4. Nxe4 Bd7 5. Nf3 Bc6 6. Bd3 Nd7 7. O-O Ngf6 8. Ned2 Be7 9. c3 O-O 10.
Re1 {C10: French with 3 Nc3: Unusual Black 3rd moves and 3...dxe4.} a5 11. a4
Re8 12. Nc4 {[#] White is slightly better.} Bd5 $146 ({Predecessor:} 12... Bxf3
13. Qxf3 c6 14. Bc2 g6 15. Bh6 Nd5 16. Rad1 Qc7 17. g3 Bf8 18. Bxf8 Rxf8 {
1-0 (49) De Firmian,N (2537)-Holst,A (2358) Copenhagen 2004}) 13. Bf4 b6 (13...
c5 $11) 14. Nfe5 Nxe5 15. Nxe5 ({Much worse is} 15. Rxe5 Bxc4 16. Bxc4 Bd6 $15)
15... Bb7 16. Bb5 (16. Re3 $16) 16... Qd5 $11 {[%csl Gb7][%cal Rd5g2] [#]} 17.
f3 {Active counter play!} Rf8 18. Bc4 Qd8 19. Bg3 Nd5 20. Bb5 (20. Qe2 {
keeps more tension.} Bg5 21. Qf2 Bf4 22. Bd3 Qe7 23. Rad1) 20... Bh4 21. Qd2
Bxg3 22. hxg3 Qd6 23. Qf2 Ne7 24. g4 Ng6 25. Nxg6 hxg6 26. Qh4 Qf4 27. Kf2 g5
28. Qh5 Rfd8 $1 29. Rh1 {[%csl Gh1][%cal Rh5h8] [#]} Kf8 $1 30. Qh8+ $1 Ke7 31.
Qxg7 c5 {[%cal Rc5d4]} 32. Rad1 (32. Rh6 {feels hotter.} Rg8 33. Qe5 cxd4 34.
Qxd4 Qxd4+ 35. cxd4 Rac8 36. Bd3) 32... cxd4 $1 33. Rxd4 {Really sharp!} Rxd4
34. Qxd4 Qxd4+ 35. cxd4 {[%mdl 4096] Endgame KRB-KRB} Rc8 36. Kg3 Rc2 {The
position is equal.} 37. Rh8 Rxb2 38. Rb8 Bd5 39. Rxb6 Bc4 40. Rb7+ Kf6 41. Ba6
Rxb7 42. Bxb7 {KB-KB} e5 43. d5 Ke7 (43... Bb3 $5 44. Bc6 Ke7 $11) 44. Kf2 $1
Kd6 (44... Bb3 $5 45. Bc6 f6 $11) 45. Ke3 Bxd5 (45... Bb3 $5 46. Bc6 f6 $11)
46. Bxd5 Kxd5 {KP-KP} 47. Kd3 Kd6 {Threatens to win with ...Kd5.} (47... Kc5 $5
48. Kc3 Kd5 $11) 48. Ke4 {Strongly threatening Kf5.} Ke6 49. Ke3 Kd5 50. Kd3
Kd6 {White must now prevent ...Kd5.} 51. Ke4 {Weighted Error Value: White=0.08
(flawless) /Black=0.08 (flawless)} 1/2-1/2

[Event "7th Gashimov Memorial-Blitz 2021"]
[Site "Baku"]
[Date "2021.12.23"]
[Round "9"]
[White "Karjakin, Sergey"]
[Black "Navara, David"]
[Result "1-0"]
[WhiteElo "2743"]
[BlackElo "2697"]
[Annotator "TA"]
[PlyCount "85"]
[EventDate "2021.12.17"]
[EventType "tourn"]
[EventCountry "AZE"]
[SourceTitle "playchess.com"]
[Source "ChessBase"]
[SourceQuality "1"]

{[%evp 14,85,0,0,7,0,0,-5,28,0,0,-12,-11,-22,18,12,19,27,19,16,20,6,5,-19,-22,
-75,-74,-83,-89,-88,-89,-88,311,312,317,300,313,331,531,547,575,568,619,604,
710,739,729,704,697,682,793,779,1074,1074,1074,1011,766,739,1074,1074,1230,
1208,1159,1117,868,540,2041,1766,29963,29967,29967,29965,29984,29985]} 1. b3 d5
2. Bb2 Bf5 3. Nf3 Nf6 4. g3 e6 5. Bg2 Be7 6. c4 O-O 7. O-O h6 8. d3 Bh7 {
A07: Réti Opening: New York and Capablanca Systems.} 9. Nbd2 a5 10. a3 Nc6 {
The position is equal.} 11. cxd5 exd5 {[#]} 12. Ra2 $146 ({Predecessor:} 12.
Re1 Re8 13. Qc2 Bd6 14. Bc3 Na7 15. e4 dxe4 16. dxe4 Nc6 17. Qb2 Bf8 18. Nh4 {
½-½ (31) Mihok,O (2550)-Sadzikowski,D (2567) Rio Achaea 2018}) 12... Re8 13.
Qa1 Bf8 (13... Qd7 {feels hotter.} 14. Rc1 Bf5 15. e4 Be6 16. e5 Nh7) 14. Bxf6
Qxf6 15. Qxf6 gxf6 16. Nb1 Nd8 {[%cal Bc6d8,Bd8e6,Be6d4][%mdl 32]} 17. Nh4 c6
18. Bh3 Ne6 19. Bf5 (19. Rb2 $11) 19... Nd4 $17 {[%csl LRb3,LRe2,LRf5]} 20.
Bxh7+ Kxh7 21. Nc3 {[#]} b5 $1 22. Rb1 Bxa3 $2 {[%mdl 8192] This costs Black
the game.} 23. Rxa3 $18 b4 24. Ra4 {[%cal Ba3a4,Ba4d4,Bd4f4,Bf4f6,Bf6c6][%mdl
32]} bxc3 25. Rxd4 {Black must now prevent Rc1.} Rxe2 $2 (25... Rab8 {keeps
fighting.} 26. e3 Rb4) 26. Rc1 Rb8 27. Rxc3 Rb6 28. Rf4 Rb2 29. Rxf6 R2xb3 30.
Rxb3 Rxb3 31. Rxc6 Rxd3 {[%mdl 4096] Endgame KRN-KR} 32. Nf5 a4 33. Rxh6+ Kg8
34. Ra6 a3 35. Ne7+ Kf8 {[#]} 36. Nxd5 $1 Rxd5 (36... f6 37. Nxf6) 37. Rxa3 {
KR-KR} Kg7 38. Kg2 Rd2 39. g4 f5 40. h3 Kg6 41. Ra6+ {White mates.} Kg5 42. Ra5
Kh4 43. Rxf5 {Weighted Error Value: White=0.10 (very precise) /Black=0.54} 1-0

[Event "7th Gashimov Memorial-Blitz 2021"]
[Site "Baku"]
[Date "2021.12.23"]
[Round "9"]
[White "Asadli, Vugar"]
[Black "Mamedyarov, Shakhriyar"]
[Result "0-1"]
[WhiteElo "2579"]
[BlackElo "2767"]
[Annotator "TA"]
[PlyCount "90"]
[EventDate "2021.12.17"]
[EventType "tourn"]
[EventCountry "AZE"]
[SourceTitle "playchess.com"]
[Source "ChessBase"]
[SourceQuality "1"]

{[%evp 13,90,14,1,-6,-9,-29,-6,0,15,18,8,0,26,21,47,0,30,0,20,-20,-15,-25,-15,
-23,-18,-130,-135,-355,-357,-440,-408,-424,-273,-343,-351,-361,-117,-131,-113,
-106,-136,-127,-99,-127,-85,-172,-134,-125,-122,-181,-175,-265,-164,-137,-79,
-204,-209,-178,-149,-156,-127,-141,-131,-145,-142,-264,-252,-249,-253,-272,
-193,-12835,-12836,-12838,-12838,-12838,-12837,-1994,-685]} 1. e4 d5 2. exd5
Qxd5 3. Nc3 Qa5 4. d4 Nf6 5. Nf3 Bf5 6. Ne5 c6 7. g4 Be6 $1 8. h3 {B01:
Scandinavian Defence.} Nbd7 9. Nxd7 Bxd7 10. Bg2 {The position is equal.} e6
11. O-O {[#]} Be7 $146 ({Predecessor:} 11... O-O-O 12. a3 h5 13. g5 Nh7 14. h4
Be8 15. Be3 Qf5 16. Qe1 f6 17. f4 Qg4 {½-½ (39) Bohlin,I-Karlsson,A Sweden
1990}) 12. Ne2 O-O-O 13. c3 e5 14. Qc2 h5 15. b4 (15. dxe5 {seems wilder.} Qxe5
16. Bf4 Qc5 17. b4 Qc4 18. Qa4) 15... Qc7 16. dxe5 (16. g5 $5 {[%cal Rg5f6]}
Nd5 17. b5 $11) 16... Nd5 17. g5 Qxe5 {Strongly threatening ...Bf5.} 18. f4 Qf5
$36 {[%mdl 2048] Black has some pressure.} (18... Nxb4 $2 19. cxb4 $1 Qxa1 20.
Be3 Qxf1+ 21. Kxf1 $18) 19. Qa4 (19. Qd2 $11) 19... Qd3 $17 {[%csl LRc3,LRe2,
LRh3]} 20. Rf2 (20. Qd1 $17 {was the only chance.} Qxd1 21. Rxd1) 20... Bxh3
$19 ({And not} 20... Nxc3 21. Nxc3 Qxc3 22. Bb2 Qxb4 23. Qxb4 Bxb4 24. Bxg7 $17
) 21. Qxa7 Bxg2 22. Kxg2 Qe4+ 23. Kh2 h4 24. a4 {[#]} Nc7 {To avoid b5} (24...
c5 $1 $19 {Hoping for ...Nc7.} 25. Ng1 Bd6) 25. Qe3 $17 Qxe3 {Black is much
more active. White has bad knights.} 26. Bxe3 Rd3 27. Bb6 Nd5 28. Bd4 f6 (28...
Re8 $142 29. Bxg7 Bd6) 29. Re1 (29. a5 $17) 29... Bd6 30. gxf6 gxf6 {[%cal
Bg7f6,Bf6f5][%mdl 32]} 31. Rg1 (31. Ref1 $17 {might work better.}) 31... Rd2
$19 32. Rgg2 (32. Kg2 {was worth a try.}) 32... h3 33. Rg4 Re8 ({Black should
try} 33... Bc7 {White must now prevent ...Bb6.} 34. a5 Bb8) 34. Ng1 (34. Ng3
$17 {was the only defense.} Rxf2+ 35. Bxf2) 34... Rxf2+ 35. Bxf2 f5 ({Not} 
35... Nxf4 36. Bg3 Re4 37. Nxh3 Re2+ 38. Nf2 $15) 36. Rh4 Bxf4+ 37. Kxh3 Be3
38. Kg2 Nxc3 39. Nf3 (39. a5 $17 {is a better defense.}) 39... Bxf2 ({But not} 
39... Nxa4 $2 40. Bxe3 Rxe3 41. Kf2 $19) 40. Kxf2 Nxa4 {KRN-KRN} 41. Rf4 Re4
42. Rxe4 (42. Rxf5 Rxb4 43. Ke3) 42... fxe4 {Black is clearly winning.} 43. Nd2
Nc3 44. Nc4 Kc7 45. Ke3 Nd5+ {Weighted Error Value: White=0.55/Black=0.26 
(precise)} 0-1

[Event "7th Gashimov Memorial-Blitz 2021"]
[Site "Baku"]
[Date "2021.12.23"]
[Round "10"]
[White "Mamedyarov, Shakhriyar"]
[Black "Karjakin, Sergey"]
[Result "1-0"]
[WhiteElo "2767"]
[BlackElo "2743"]
[Annotator "TA"]
[PlyCount "69"]
[EventDate "2021.12.17"]
[EventType "tourn"]
[EventCountry "AZE"]
[SourceTitle "playchess.com"]
[Source "ChessBase"]
[SourceQuality "1"]

{[%evp 9,69,14,13,1,0,0,-11,0,16,-3,24,27,29,19,28,-8,-13,-8,-7,-7,0,0,7,12,0,
0,15,7,10,8,0,0,0,0,139,139,205,213,208,208,178,0,255,273,258,258,264,195,272,
276,341,353,354,363,470,470,856,836,821,806,652,624]} 1. d4 Nf6 2. c4 e6 3. Nc3
Bb4 4. Qc2 d5 5. cxd5 exd5 (5... Qxd5 6. Nf3 Qf5 7. Qb3 Nc6 8. e3 O-O 9. Be2 a5
10. a3 a4 11. Qc4 Bxc3+ 12. Qxc3 e5 13. dxe5 Ne4 14. Qc2 Nxe5 15. Qxc7 Nxf3+
16. gxf3 Nc5 17. e4 Qh5 18. f4 Bg4 19. Bxg4 Nd3+ 20. Kf1 Qxg4 21. Qc3 Qf3 {
0-1 (21) Mamedyarov,S (2772)-Karjakin,S (2754) Bucharest 2019}) 6. Bf4 {
E35: Nimzo-Indian: Classical: 4...d5 5 cxd5 exd5.} c5 7. dxc5 Nc6 8. e3 {
The position is equal.} Qa5 9. Nge2 {Inhibits d4.} Ne4 10. a3 Bf5 11. Qc1 Nxc5
{[#] aiming for ...Nd3+.} 12. Ng3 $146 (12. axb4 {keeps more tension.} Nd3+ 13.
Kd2 Qxb4 14. Ra4 Nxc1 15. Rxb4 Nxe2 16. Rxb7 Nxf4 17. Bb5) ({Predecessor:} 12.
axb4 Nd3+ 13. Kd2 Qxb4 14. Ra4 Qb3 15. Qb1 Nxb2 16. Qxf5 Nxa4 17. Nxa4 Qxa4 18.
Nc3 {1-0 (43) Girya,O (2442)-Danielian,E (2445) Batumi 2016}) 12... Bxc3+ 13.
Qxc3 Qxc3+ 14. bxc3 Bg6 15. h4 h5 16. Be2 O-O-O 17. O-O f6 18. Rfd1 Na5 19. Ra2
{White wants to play Rad2.} Nc4 {Inhibits Rad2.} 20. a4 b6 21. Rd4 {[%cal
Oe3e4]} a5 (21... Ne6 $1 $11 {keeps the balance.}) 22. e4 $1 $16 {[%cal Be3e4,
Be4d5][%mdl 32]} ({Much weaker is} 22. Bxc4 $6 dxc4 23. Rxc4 Kb7 $11) 22... Ne6
(22... Nd6 $16 {was necessary.}) 23. exd5 $18 (23. Rxd5 Nxf4 24. Rxd8+ Rxd8 $14
) 23... Nxd4 24. Bxc4 {This bishop pair is nice.} ({Stronger than} 24. cxd4 Nd6
$11) 24... Nf5 25. Rb2 $2 ({White should play} 25. Ba6+ $18 Kd7 26. Rb2 (26.
Bb5+ Ke7 $16)) 25... Nd6 $2 {[%mdl 8192]} (25... Kb7 $1 $11) 26. Ba6+ Kc7 {[#]}
27. c4 $1 {[%cal Oc4c5] Strongly threatening c5!} Rb8 28. Ne2 {Threatens to
win with Nd4.} Rhe8 (28... Bf5 $142 29. Ng3 (29. Nd4 Bd7 $16) 29... g6) 29. Nd4
{Hoping for Nb5+.} Kd7 30. Nc6 Ra8 31. Rxb6 {Really sharp!} Re1+ 32. Kh2 {
White is clearly winning.} Rb1 {[#]} (32... Bd3 $142 33. Nxa5 Rxa6 34. Rxa6
Nxc4 35. Ra7+ Ke8) 33. Nb8+ $1 {[%mdl 512]} Rxb8 34. Rxd6+ Ke7 35. Re6+ {
Weighted Error Value: White=0.12 (very precise) /Black=0.43} 1-0

[Event "7th Gashimov Memorial-Blitz 2021"]
[Site "Baku"]
[Date "2021.12.23"]
[Round "10"]
[White "Rapport, Richard"]
[Black "Caruana, Fabiano"]
[Result "1/2-1/2"]
[WhiteElo "2763"]
[BlackElo "2792"]
[Annotator "TA"]
[PlyCount "54"]
[EventDate "2021.12.17"]
[EventType "tourn"]
[EventCountry "AZE"]
[SourceTitle "playchess.com"]
[Source "ChessBase"]
[SourceQuality "1"]

{[%evp 27,54,16,22,13,25,35,26,16,19,4,29,25,23,22,29,28,27,20,38,37,39,39,38,
33,37,0,0,0,35]} 1. e4 e5 2. Nf3 Nc6 3. Nc3 Nf6 4. d4 exd4 5. Nxd4 Bb4 6. Nxc6
bxc6 7. Bd3 d5 8. exd5 O-O 9. O-O cxd5 10. Bg5 c6 11. Qf3 h6 12. Bxf6 Qxf6 13.
Qxf6 gxf6 14. Ne2 Bd6 15. Rad1 {C47: Scotch Four Knights and Four Knights with
4 g3.} Rb8 16. b3 Re8 17. Ng3 {[#] White has an edge.} (17. Nd4 {with more
complications.} Rb6 18. Bf5 Be6 19. Rfe1 Be5 20. f4) 17... a5 $146 ({
Predecessor:} 17... Be5 18. Nf5 Bxf5 19. Bxf5 Rbd8 20. Rfe1 Kf8 21. g3 Re7 22.
Re3 Bd6 23. Rxe7 Bxe7 {1-0 (62) Gadimbayli,A (2470)-Barp,A (2361) Chess.com
INT 2021}) 18. Nf5 Bxf5 19. Bxf5 Re5 20. Bd7 Rb6 21. f4 Re3 22. g3 Bb4 23. Kg2
Kf8 24. Rf3 Re2+ 25. Rf2 Re3 26. Rf3 Re2+ 27. Rf2 Re3 {Weighted Error Value:
White=0.06 (flawless) /Black=0.06 (flawless)} 1/2-1/2

[Event "7th Gashimov Memorial-Blitz 2021"]
[Site "Baku"]
[Date "2021.12.23"]
[Round "10"]
[White "Navara, David"]
[Black "Anand, Viswanathan"]
[Result "0-1"]
[WhiteElo "2697"]
[BlackElo "2751"]
[Annotator "TA"]
[PlyCount "140"]
[EventDate "2021.12.17"]
[EventType "tourn"]
[EventCountry "AZE"]
[SourceTitle "playchess.com"]
[Source "ChessBase"]
[SourceQuality "1"]

{[%evp 9,140,0,0,6,14,0,7,0,0,0,7,0,7,-2,17,1,12,0,0,0,23,8,15,13,20,7,8,0,12,
7,25,24,48,24,49,24,31,30,46,31,29,13,41,39,25,8,13,0,0,0,0,0,0,-53,-36,-172,
-172,-179,-175,-212,-205,-243,-184,-187,-189,-184,-181,-288,-169,-175,-169,
-169,-169,-169,-176,-176,-169,-169,-169,-169,-169,-169,-169,-176,-169,-176,
-169,-169,-169,-169,-169,-169,-169,-190,-187,-187,-169,-239,-239,-231,-203,
-1065,-1004,-764,-714,-29960,-29966,-29966,-29967,-29967,-29968,-29967,-29968,
-29968,-29969,-29969,-29970,-29965,-29967,-29965,-29965,-29968,-29969,-29968,
-29969,-29967,-29967,-29955,-29956,-10256,-5087,-5065,-5061]} 1. Nf3 d5 2. e3
Nf6 3. c4 e6 4. Nc3 b6 5. b3 Bb7 6. Bb2 {A17: English Opening: 1...Nf6 with ...
Bb4.} a6 7. cxd5 exd5 8. Be2 {The position is equal.} Nbd7 9. O-O Bd6 10. Rc1
O-O 11. Re1 {[#]} b5 $146 ({Predecessor:} 11... Nc5 12. Bf1 Ng4 13. h3 Nf6 14.
d3 Ne6 15. Nb1 c5 16. Nbd2 Bc7 17. g3 b5 {1-0 (58) Peralta,F (2505)-Fluvia
Poyatos,J (2321) Barcelona 2003}) 12. d4 Qe7 13. Bf1 Ne4 14. Ne2 c6 15. Nf4 a5
16. Nd3 f6 17. Re2 {[%cal Be1e2,Be2c2,Bc2c1][%mdl 32]} a4 18. Rec2 axb3 19.
axb3 Rfc8 20. g3 g6 21. Bh3 Rc7 22. Ra1 Rcc8 23. Rcc1 Rcb8 24. Rxa8 Rxa8 25.
Ra1 Nb8 {[%cal Bd7b8,Bb8a6,Ba6c5,Bc5e4][%mdl 32]} 26. Rxa8 Bxa8 27. Qa1 Bb7 28.
Nc5 Bxc5 29. dxc5 Na6 30. Bd4 Naxc5 31. Qa3 (31. Bxc5 $11 Qxc5 32. Qa5) 31...
Kf7 {Hoping for ...Nd3.} 32. Ne1 {[#] To avoid Nd3. Loses the game.} (32. Bxc5
$15 Qxc5 33. Qa5) 32... Nxf2 $1 $19 {[%mdl 512] Pair of Knights!} 33. Bg2 (33.
Qxc5 Nxh3+) 33... Nce4 34. b4 Bc8 35. Nc2 Nh3+ 36. Bxh3 Bxh3 37. Qa8 Qe6 {
[#] ( -> ...g5)} 38. Qb7+ (38. Qh8 {was the only defense.}) 38... Qd7 (38...
Kg8 $142 {...g5 is the strong threat.} 39. Qb8+ Kg7 40. Qc7+ Kh6 41. Qf4+ g5)
39. Qa8 Qf5 {[%csl Gh3][%cal Rf5f1]} 40. Qb7+ Kg8 {[%csl Gh3][%cal Rf5f1]} 41.
Qb8+ Kg7 {[%csl Gh3][%cal Rf5f1]} 42. Qc7+ Kh6 {[%csl Gh3][%cal Rf5f1]} 43.
Qf4+ g5 44. Qxf5 Bxf5 {[%mdl 4096] Endgame KBN-KBN} 45. Bb6 Bd7 46. Nd4 Kg6 47.
Kg2 h5 48. Nb3 Nd6 49. Bc5 Nc4 50. Bd4 Bf5 51. Nc5 Be4+ 52. Kf2 Nd2 53. Nd7 (
53. Bc3 $142 Nf3 54. h3) 53... Nf3 54. Bxf6 Nxh2 55. Bd4 $2 (55. Bd8) 55...
Ng4+ 56. Kg1 Kf5 {Strongly threatening ...h4.} 57. Nb8 h4 58. gxh4 gxh4 59. Bb6
h3 60. Bc7 d4 61. exd4 Bd5 62. Nd7 h2+ 63. Bxh2 Nxh2 64. Kxh2 {KB-KN} Ke4 65.
Nc5+ Kxd4 66. Kg3 Kc4 67. Na6 Be6 68. Nb8 Kd5 69. Na6 Bc8 70. Nc5 Kc4 {
Weighted Error Value: White=0.41/Black=0.08 (flawless)} 0-1